000 00329nam a2200133Ia 4500
008 240624s9999 xx 000 0 und d
041 _aeng
082 _a005.1 JOH
100 _aJOHNSONBAUGH RICHARD
245 _aALGORITHMS
260 _c2004
_aNew Delhi
_bPearson Education
300 _avii, : 752 : p. : cm. ; 24
365 _cRS
999 _c3035
_d3035